000 00463nam a2200181Ia 4500
008 100917s9999 xx 000 0 und d
082 _b21159
100 _aकेतकर ग. वि.
245 _aगीता बीज
260 _b---
_c1930
300 _a56
365 _b0.25
520 _aअध्यात्म
630 _aगीता बीज
650 _aअध्यात्म
730 _aगीता बीज
942 _cBOOK
999 _c626553
_d626550